00496nam a22001697a 4500003000900000005001700009008004600026040002200072100001800094245003600112260004400148300002800192490001700220490003600237830001700273830003600290DO-SdBNP20180510142528.0151127b 19??. xxu||||| |||| 00| 0 spa d aBPMSUbspacBPMSU1 aVega, Lope de10aFuente ovejuna /cLope de Vega. aLima, Peru : bSanta Barbara, c[19??]. a130 p. b il. ;c15 cm.1 aSaber humano1 aObras literarias de colección 0aSaber humano 0aObras literarias de colección